| 000 | 00515pam a2200157 a 4500 | ||
|---|---|---|---|
| 020 | _a0821307657 (pbk.) | ||
| 082 | 0 | 0 |
_a388.4 _bARM _cL-18, P-25 |
| 100 | 2 |
_aArmstrong-Wright, Alan, _938686 |
|
| 245 | 1 | 0 |
_aUrban transit systems : _bguidelines for examining options / _cAlan Armstrong-Wright. |
| 260 |
_aWashington, D.C., U.S.A. : _bWorld Bank, _cc1986. |
||
| 300 |
_axii, 77 p. : _bill. ; _c28 cm. |
||
| 526 |
_a0 _b0 _c0 _d388_400000000000000_ARM |
||
| 650 | 0 | _aLocal transit. | |
| 650 | 0 |
_aMCE _9379 |
|
| 942 |
_2ddc _cBK |
||
| 999 |
_c543341 _d543341 |
||